Ophricter van vlaggen van VN-leden - Statistieken

Algemene statistieken
  • Deze quiz is 35 keer genomen
  • De gemiddelde score is 23 van 26
Antwoordstatistieken
Foto Antwoord % Correct
Argentinië
100%
Brazilië
93%
China
93%
Cuba
93%
Denemarken
93%
Wit-Rusland
93%
Egypte
90%
Frankrijk
90%
Chili
87%
Dominicaanse Republiek
87%
Iran
87%
Nieuw-Zeeland
87%
Paraguay
87%
Polen
87%
Rusland
87%
Turkije
87%
Verenigde Staten
87%
Filipijnen
83%
Haïti
83%
Libanon
83%
Oekraïne
83%
Saoedi-Arabië
83%
Verenigd Koninkrijk
83%
El Salvador
80%
Syrië
77%
Nicaragua
73%
Geen overeenkomende quizzen gevonden
Scoreverdeling
Procent van Mensen met Elke Score
Percentiel versus Aantal Correcte Antwoorden
Uw Scoregeschiedenis
U heeft deze quiz nog niet genomen